[Event "Oberliga Sued W 1920"]
[Site "Germany"]
[Date "2021.07.18"]
[Round "9.6"]
[White "Vogel, Johannes"]
[Black "Muths, Lukas"]
[Result "1-0"]
[WhiteElo "2155"]
[BlackElo "1939"]
[PlyCount "101"]
[EventDate "2019.09.29"]
[EventType "team-tourn"]
[EventRounds "9"]
[EventCountry "GER"]
[SourceTitle "EXT 2023"]
[Source "ChessBase"]
[SourceDate "2022.10.05"]
[SourceVersion "1"]
[SourceVersionDate "2022.10.05"]
[SourceQuality "1"]
[WhiteTeam "Landau"]
[BlackTeam "Frankenthal"]
[WhiteTeamCountry "GER"]
[BlackTeamCountry "GER"]

1. e4 c5 2. Nf3 e6 3. d4 cxd4 4. Nxd4 a6 5. Bd3 Qc7 6. 0-0 Nc6 7. Nxc6 bxc6 8. c4 Bb7 9. Nc3 Nf6 10. Qe2 d5 11. cxd5 cxd5 12. e5 Nd7 13. Bf4 Be7 14. Rac1 Qa5 15. Bd2 Qb6 16. Na4 Qd4 17. Rc7 Qxa4 18. Rxb7 Nc5 19. Rb4 Qd7 20. Bc2 0-0 21. Rg4 f5 22. exf6 Bxf6 23. b4 Nb7 24. Qd3 g6 25. Bh6 Bg7 26. Rxg6 hxg6 27. Qxg6 Rf7 28. Qh7+ Kf8 29. Qh8+ Ke7 30. Bg5+ Bf6 31. Bxf6+ Rxf6 32. Qxa8 Qb5 33. Ba4 Qxa4 34. Qxb7+ Kd6 35. Rc1 Ke5 36. Qg7 Qxb4 37. g3 Qd4 38. Qc7+ Kf5 39. Qh7+ Ke5 40. Qc7+ Kf5 41. Qc2+ Kg5 42. Qe2 e5 43. h4+ Kh6 44. Re1 e4 45. Qe3+ Qxe3 46. Rxe3 Kh5 47. Kg2 Kg4 48. Ra3 d4 49. Ra4 Rd6 50. Ra5 Rg6 51. Re5 1-0

[Event "Pfalz op-A 11th"]
[Site "Neustadt an der Weinstrasse"]
[Date "2020.02.21"]
[Round "1"]
[White "Hahn, Markus"]
[Black "Muths, Lukas"]
[Result "1-0"]
[WhiteElo "2271"]
[BlackElo "1991"]
[PlyCount "77"]
[EventDate "2020.02.21"]
[EventType "swiss"]
[EventRounds "9"]
[EventCountry "GER"]
[SourceTitle "CBM 195 Extra"]
[Source "ChessBase"]
[SourceDate "2020.05.31"]
[SourceVersion "1"]
[SourceVersionDate "2020.05.31"]
[SourceQuality "1"]

1. d4 Nf6 2. c4 c5 3. d5 e6 4. Nc3 exd5 5. cxd5 d6 6. e4 g6 7. h3 Bg7 8. Nf3 0-0 9. Bd3 b5 10. Bxb5 Nxe4 11. Nxe4 Qa5+ 12. Nfd2 Qxb5 13. Nxd6 Qd7 14. N2c4 Ba6 15. 0-0 Rd8 16. Re1 Bf8 17. Bf4 Bxc4 18. Nxc4 Qf5 19. Qf3 g5 20. Bc7 Qxf3 21. gxf3 Rd7 22. d6 Nc6 23. Rad1 f6 24. Re3 Rc8 25. Rd5 Kf7 26. a4 Nb4 27. Rd1 Nc2 28. Red3 Nb4 29. R3d2 Na6 30. Ba5 Rc6 31. Bc3 Ke6 32. Re1+ Kf7 33. Red1 Ke6 34. Re2+ Kf7 35. Rd5 h6 36. Rf5 Bg7 37. Ne5+ Ke6 38. Nxc6+ Kxf5 39. Ne7+ 1-0

[Event "Rheinland Pfalz op 11th"]
[Site "Weilerbach"]
[Date "2019.06.21"]
[Round "3"]
[White "Lenaerts, Lennert"]
[Black "Muths, Lukas"]
[Result "1-0"]
[WhiteElo "2364"]
[BlackElo "1827"]
[PlyCount "57"]
[EventDate "2019.06.20"]
[EventType "swiss"]
[EventRounds "7"]
[EventCountry "GER"]
[SourceTitle "CBM 191 Extra"]
[Source "ChessBase"]
[SourceDate "2019.09.30"]
[SourceVersion "1"]
[SourceVersionDate "2019.09.30"]
[SourceQuality "1"]

1. d4 Nf6 2. c4 c5 3. d5 e6 4. Nc3 exd5 5. cxd5 d6 6. Nf3 g6 7. Bf4 Bg7 8. Qa4+ Bd7 9. Qb3 Qc7 10. e4 0-0 11. Nd2 Re8 12. Be2 a6 13. a4 Ng4 14. Bg3 Ne5 15. 0-0 f5 16. f4 Nf7 17. Bd3 Nh6 18. e5 Ra7 19. e6 Bc8 20. a5 Ng4 21. Nc4 Bd4+ 22. Kh1 Ne3 23. Qb6 Qxb6 24. axb6 Ra8 25. Nxd6 Bxc3 26. bxc3 Nxf1 27. Nxe8 Nxg3+ 28. hxg3 Bxe6 29. Nc7 1-0

[Event "Rheinland Pfalz op 9th"]
[Site "Lambsheim"]
[Date "2017.06.17"]
[Round "6"]
[White "Muths, Lukas"]
[Black "Costea, Valerius"]
[Result "1/2-1/2"]
[WhiteElo "1737"]
[BlackElo "1929"]
[PlyCount "87"]
[EventDate "2017.06.15"]
[EventType "swiss"]
[EventRounds "7"]
[EventCountry "GER"]
[SourceTitle "CBM 178 Extra"]
[Source "ChessBase"]
[SourceDate "2017.06.22"]
[SourceVersion "1"]
[SourceVersionDate "2017.06.22"]
[SourceQuality "1"]

1. e4 c5 2. Nf3 e6 3. d4 cxd4 4. Nxd4 a6 5. Nc3 d6 6. Be3 Nc6 7. Be2 Nf6 8. 0-0 Be7 9. f4 Qc7 10. a4 0-0 11. Nb3 b6 12. Bf3 Bb7 13. Qe1 Nb4 14. Qf2 Nd7 15. Rfd1 Nc5 16. a5 b5 17. Nxc5 dxc5 18. Rd2 Rfd8 19. Rad1 Rxd2 20. Rxd2 Re8 21. e5 h6 22. Be4 Bxe4 23. Nxe4 Nd5 24. Rd3 Nxe3 25. Qxe3 c4 26. Rd1 Bb4 27. Qb6 Bxa5 28. Qxa6 Rb8 29. Rd6 Bb4 30. Rc6 Qd7 31. Nd6 Kh7 32. c3 Bxd6 33. exd6 e5 34. fxe5 Qf5 35. Qa1 Qxe5 36. Qb1+ g6 37. Qf1 Rb7 38. Qd1 Rd7 39. Qd2 Kg7 40. Kf2 Qxh2 41. Qd4+ f6 42. Rc7 Rxc7 43. d7 Rxd7 44. Qxd7+ 1/2-1/2

[Event "Rheinland Pfalz op 7th"]
[Site "Frankenthal"]
[Date "2015.06.07"]
[Round "7"]
[White "Gelfenbaum, Daniel"]
[Black "Muths, Lukas"]
[Result "1/2-1/2"]
[WhiteElo "1669"]
[BlackElo "1805"]
[PlyCount "45"]
[EventDate "2015.06.04"]
[EventType "swiss"]
[EventRounds "7"]
[EventCountry "GER"]
[SourceTitle "EXT 2017"]
[Source "ChessBase"]
[SourceDate "2016.10.25"]
[SourceVersion "1"]
[SourceVersionDate "2016.10.25"]
[SourceQuality "1"]

1. e4 e5 2. Nf3 Nf6 3. Nc3 Nc6 4. d4 exd4 5. Nxd4 Bb4 6. Nxc6 bxc6 7. Bd3 0-0 8. 0-0 Re8 9. Re1 d6 10. Bd2 Bc5 11. h3 h6 12. Qf3 Bb7 13. Rad1 d5 14. exd5 cxd5 15. Rxe8+ Qxe8 16. Nb5 Qd7 17. Qg3 c6 18. Nc3 Bd6 19. Qf3 Be7 20. Bf5 Qc7 21. Re1 Re8 22. g4 Nh7 23. Bxh7+ 1/2-1/2

[Event "Rheinland Pfalz op 7th"]
[Site "Frankenthal"]
[Date "2015.06.06"]
[Round "4"]
[White "Hinrichs, Paul"]
[Black "Muths, Lukas"]
[Result "1-0"]
[WhiteElo "1641"]
[BlackElo "1805"]
[PlyCount "33"]
[EventDate "2015.06.04"]
[EventType "swiss"]
[EventRounds "7"]
[EventCountry "GER"]
[SourceTitle "EXT 2017"]
[Source "ChessBase"]
[SourceDate "2016.10.25"]
[SourceVersion "1"]
[SourceVersionDate "2016.10.25"]
[SourceQuality "1"]

1. d4 Nf6 2. c4 e6 3. Nc3 Bb4 4. Nf3 d5 5. e3 0-0 6. Bd3 Nc6 7. 0-0 b6 8. cxd5 Nxd5 9. Nxd5 exd5 10. Qa4 Bd7 11. Bb5 Qe8 12. Bxc6 Bxc6 13. Qxb4 a5 14. Qd2 Bb5 15. Re1 Qe4 16. b3 Rae8 17. Ba3 1-0

[Event "Rheinland Pfalz op 7th"]
[Site "Frankenthal"]
[Date "2015.06.04"]
[Round "1"]
[White "Muths, Lukas"]
[Black "Goetz, Heiko"]
[Result "0-1"]
[WhiteElo "1805"]
[BlackElo "2213"]
[PlyCount "68"]
[EventDate "2015.06.04"]
[EventType "swiss"]
[EventRounds "7"]
[EventCountry "GER"]
[SourceTitle "EXT 2017"]
[Source "ChessBase"]
[SourceDate "2016.10.25"]
[SourceVersion "1"]
[SourceVersionDate "2016.10.25"]
[SourceQuality "1"]

1. d4 d5 2. c4 e6 3. e3 c6 4. Nc3 f5 5. Nf3 Nf6 6. Bd3 Bd6 7. Qc2 Ne4 8. a3 0-0 9. Nd2 Nd7 10. cxd5 exd5 11. Qb3 Kh8 12. Ndxe4 fxe4 13. Be2 Qh4 14. g3 Qh3 15. Bf1 Qf5 16. Qc2 Qf3 17. Rg1 Qh5 18. h3 Nf6 19. Rh1 Bg4 20. Be2 Bf3 21. Qd1 Ng4 22. Bxf3 Rxf3 23. Rf1 Qxh3 24. Ne2 Qh2 25. Kd2 Rxf2 26. Rh1 Rxe2+ 27. Qxe2 Qxh1 28. Qxg4 Qg2+ 29. Kc3 Qxg3 30. Qd7 Bf4 31. Qxb7 Rb8 32. Qxc6 Bxe3 33. Kc2 Bxc1 34. Rxc1 Qd3# 0-1

[Event "GER-ch U10"]
[Site "Magdeburg"]
[Date "2014.06.11"]
[Round "6"]
[White "Diderle, Konstantin"]
[Black "Muths, Lukas"]
[Result "1-0"]
[WhiteElo "1103"]
[BlackElo "1248"]
[PlyCount "103"]
[EventDate "2014.06.08"]
[EventType "swiss"]
[EventRounds "11"]
[EventCountry "GER"]
[SourceTitle "CBM 160 Extra"]
[Source "ChessBase"]
[SourceDate "2014.07.01"]
[SourceVersion "1"]
[SourceVersionDate "2014.07.01"]
[SourceQuality "1"]

1. e4 e5 2. Nf3 Nf6 3. Nc3 Nc6 4. Bc4 Nxe4 5. Nxe4 d5 6. Bd3 dxe4 7. Bxe4 Bd6 8. Bxc6+ bxc6 9. 0-0 0-0 10. Re1 Re8 11. d3 Bg4 12. Qe2 Qe7 13. Qe4 Bd7 14. Nd2 Rab8 15. b3 Bb4 16. Re2 Bc3 17. Rb1 Bd4 18. Qf3 a5 19. a4 Qe6 20. Qg3 Qg4 21. Qxg4 Bxg4 22. Re1 f5 23. Bb2 Bxb2 24. Rxb2 Re7 25. f3 Bh5 26. Nc4 Rbe8 27. Nxa5 Re6 28. Nc4 e4 29. Kf2 g5 30. h3 Bg6 31. a5 h5 32. a6 Ra8 33. Ra2 g4 34. hxg4 hxg4 35. fxg4 f4 36. dxe4 Rxe4 37. Rxe4 Bxe4 38. g3 fxg3+ 39. Kxg3 Kg7 40. a7 Kf6 41. Ra5 Bd5 42. Ne3 Ke6 43. Nxd5 cxd5 44. c3 Ke5 45. Kf3 c5 46. Ke3 Ke6 47. b4 cxb4 48. cxb4 Ke5 49. b5 Kd6 50. Kd4 Ke6 51. b6 Rc8 52. Rxd5 1-0